| 000 | 00384nam a22001577a 4500 | ||
|---|---|---|---|
| 005 | 20260302092156.0 | ||
| 008 | 260302b |||||||| |||| 00| 0 eng d | ||
| 022 | _a0-385-26463-1 | ||
| 100 | _aMAHFOUZ, NAGUB | ||
| 245 | _aWEDDING SONG | ||
| 260 |
_aNEW YORK _bAN ANCHOR BOOK _c1989 |
||
| 300 | _a174P. | ||
| 650 | _aWEDDING SONGS | ||
| 700 | _aKENNY, OLIVE E. | ||
| 942 |
_2lcc _cBK |
||
| 999 |
_c216726 _d216726 |
||